000
00355nam a2200157Ia 4500
003
OSt
005
20240311111350.0
008
170523s9999 xx 000 0 und d
020
_a
978-0761998402
040
_c
iimtu meerut
100
_a
JOSEPH- JEROME
245
0
_a
INDUSTRIAL RELATIONS
260
_b
RESPONSE BOOKS
260
_c
2004
942
_2
ddc
_c
02
999
_c
1320
_d
1320